Why we read what we read : a delightfully ... Read More
Available copies
- 1 of 1 copy available at LARL/NWRL Consortium. (Show)
- 1 of 1 copy available at Lake Agassiz Regional Library.
Current holds
0 current holds with 1 total copy.
Show Only Available Copies
| Location | Call Number / Copy Notes | Barcode | Shelving Location | Status | Due Date |
|---|---|---|---|---|---|
| Moorhead Public Library | 028.9 HEA (Text) | 33500009412107 | Main | Available | - |
Record details
- ISBN: 9781402210549 (trade pbk.)
- ISBN: 140221054X (trade pbk.)
- Physical Description: 340 p. ; 23 cm.
- Publisher: Naperville, Ill. : Sourcebooks, 2007.
Search for related items by subject
| Subject: | Books and reading > United States. Best sellers > United States. Popular literature > United States. |
| LDR | 01080nam a22003138a 4500 | ||
|---|---|---|---|
| 001 | 83668 | ||
| 003 | LARL_NWRL_CONSORTIUM | ||
| 005 | 20070831122230.0 | ||
| 008 | 070724s2007 ilu 000 0 eng | ||
| 010 | . | ‡a2007030564 | |
| 020 | . | ‡a9781402210549 (trade pbk.) | |
| 020 | . | ‡a140221054X (trade pbk.) | |
| 035 | . | ‡a(OCoLC)163614038 | |
| 040 | . | ‡aDLC ‡cDLC ‡dBAKER | |
| 043 | . | ‡an-us--- | |
| 082 | 0 | 0. | ‡a028.9 ‡222 |
| 100 | 1 | . | ‡aHeath, John, ‡d1955- ‡0(LARL_NWRL_CONSORTIUM)185592 |
| 245 | 1 | 0. | ‡aWhy we read what we read : ‡ba delightfully opinionated journey through contemporary bestsellers / ‡cJohn Heath and Lisa Adams. |
| 260 | . | ‡aNaperville, Ill. : ‡bSourcebooks, ‡c2007. | |
| 300 | . | ‡a340 p. ; ‡c23 cm. | |
| 650 | 0. | ‡aBooks and reading ‡zUnited States. ‡0(LARL_NWRL_CONSORTIUM)15265 | |
| 650 | 0. | ‡aBest sellers ‡zUnited States. | |
| 650 | 0. | ‡aPopular literature ‡zUnited States. | |
| 700 | 1 | . | ‡aAdams, Lisa. ‡0(LARL_NWRL_CONSORTIUM)196305 |
| 901 | . | ‡a83668 ‡bOCLC ‡c83668 ‡tbiblio | |

Add to basket
Permalink
Disable Highlighting